Rezervačný a objednávkový systém bakalárska práca
Uložené v:
| Hlavný autor: | |
|---|---|
| Korporativný autor: | |
| Ďalší autori: | |
| Médium: | Kniha |
| Jazyk: | Slovak |
| Vydavateľské údaje: |
Bratislava
2024
|
| Tagy: |
Žiadne tagy, Buďte prvý, kto otaguje tento záznam!
|
MARC
| LEADER | 00000nbm a2200000 4500 | ||
|---|---|---|---|
| 001 | 0302527 | ||
| 005 | 20250124105603.9 | ||
| 041 | 0 | |a slo | |
| 044 | |a SK | ||
| 245 | 1 | 0 | |a Rezervačný a objednávkový systém |b bakalárska práca |c Jaroslav Aron ; školiteľ: Pavol Sojka |
| 264 | 1 | |a Bratislava |c 2024 | |
| 300 | |a 70 s. | ||
| 100 | 1 | |a Aron, Jaroslav | |
| 700 | 1 | |a Sojka, Pavol, 1978- | |
| 710 | 2 | |a Fakulta hospodárskej informatiky EU. Katedra aplikovanej informatiky | |